Statistics for Country Flag Search

Click here to take the quiz!

General Stats

  • This quiz has been taken 1,093 times
    (923 since last reset)
  • The average score is 5 of 8

Answer Stats

Pays% Correct
.......Bangladesh
90%
.......Russia
78%
.......Indonesia/Monaco
69%
.......Nigeria
64%
.......Ireland
60%
.......France
58%
.......Netherlands
55%
.......Hungary
21%

Score Distribution

Percentile by Number Answered

Percent of People with Each Score

Your Score History

You have not taken this quiz since the last reset